[Event "34 Open Internacional Ciudad de San Seba"]
[Site "Donostia-San Sebastian"]
[Date "2011.04.18"]
[Round "3"]
[White "Mateo, Ramon"]
[Black "Korchnoi, Viktor"]
[Result "1/2-1/2"]
[WhiteElo "2446"]
[BlackElo "2557"]
[PlyCount "196"]
[EventDate "2011.04.16"]
[EventRounds "9"]
[EventCountry "ESP"]

1. e4 e5 2. Nf3 Nc6 3. Bb5 a6 4. Ba4 Nf6 5. d3 d6 6. c3 Be7 7. O-O O-O 8. Re1
Nd7 9. d4 Bf6 10. h3 b5 11. Bc2 Nb6 12. Be3 Nc4 13. Bc1 Rb8 14. Nbd2 Nxd2 15.
Qxd2 b4 16. d5 bxc3 17. Qxc3 Nd4 18. Nxd4 exd4 19. Qd3 Re8 20. b3 g6 21. Bb2 c5
22. dxc6 Qb6 23. Rad1 Qxc6 24. Bb1 d5 25. Qg3 Be6 26. e5 Bg7 27. Bxd4 a5 28. h4
a4 29. h5 axb3 30. axb3 Rb4 31. f4 Reb8 32. f5 Rxb3 33. Qf4 Bxf5 34. Bxf5 gxf5
35. e6 fxe6 36. Qg5 R3b7 37. h6 e5 38. Bxe5 Qxh6 39. Qxh6 Bxh6 40. Bxb8 Rxb8
41. Rxd5 f4 42. Re6 Bg7 43. Kf2 Rb7 44. Kf3 Rf7 45. Rd8+ Bf8 46. Re4 Kg7 47.
Rxf4 Ba3 48. Rxf7+ Kxf7 49. Kg4 Kg6 50. Rg8+ Kf7 51. Ra8 Bb2 52. Kf5 Kg7 53.
Ra7+ Kg8 54. Rb7 Bc3 55. Ke6 Bd4 56. Rb4 Bc3 57. Rb3 Be1 58. Re3 Bf2 59. Re4
Kg7 60. Rg4+ Kh6 61. Kf7 Kh5 62. Rg7 h6 63. Ke6 Kh4 64. Kf5 h5 65. Ke4 Bg3 66.
Kf3 Bb8 67. Rg8 Bc7 68. Rc8 Bd6 69. Rc6 Bb8 70. Rc5 Bd6 71. Rc4+ Kg5 72. g3 Ba3
73. Ra4 Bb2 74. Kg2 Bc3 75. Rc4 Bb2 76. Kf3 Ba3 77. Ra4 Bb2 78. Ra5+ Kg6 79.
Kf4 Bc1+ 80. Ke4 Bb2 81. Rc5 Bg7 82. Rc8 Kg5 83. Rg8 Kf6 84. Kf4 Bh6+ 85. Kf3
Bc1 86. Kg2 Kf5 87. Rh8 Kg4 88. Rc8 Bb2 89. Rc4+ Kf5 90. Kf3 Bg7 91. Rc5+ Kg6
92. Kf4 Bh6+ 93. Ke5 Bd2 94. Rc6+ Kg5 95. Rc8 Kg4 96. Rg8+ Kf3 97. Kf5 Be1 98.
Rh8 Kxg3 1/2-1/2

[Event "34 Open Internacional Ciudad de San Seba"]
[Site "Donostia-San Sebastian"]
[Date "2011.04.18"]
[Round "3"]
[White "Narciso Dublan, Marc"]
[Black "Huerga Leache, Mikel"]
[Result "1-0"]
[WhiteElo "2551"]
[BlackElo "2440"]
[PlyCount "115"]
[EventDate "2011.04.16"]
[EventRounds "9"]
[EventCountry "ESP"]

1. e4 c5 2. Nc3 Nc6 3. g3 g6 4. Bg2 Bg7 5. d3 e6 6. Be3 d6 7. Qd2 Nd4 8. Nd1
Nf6 9. c3 Nc6 10. h3 O-O 11. Ne2 Ne8 12. O-O f5 13. Bh6 e5 14. exf5 Bxf5 15.
Bxg7 Nxg7 16. Ne3 Be6 17. d4 exd4 18. cxd4 Qa5 19. Rfd1 Bf7 20. Qxa5 Nxa5 21.
dxc5 dxc5 22. Nc3 Rad8 23. Ng4 Rxd1+ 24. Rxd1 Nf5 25. Ne4 h5 26. Ne5 Nc6 27.
Nxf7 Rxf7 28. Nxc5 Re7 29. Nxb7 Rxb7 30. Bxc6 Rxb2 31. Rd8+ Kg7 32. Rd7+ Kh6
33. Rxa7 h4 34. gxh4 Rb1+ 35. Kh2 Rb2 36. Kg2 Nxh4+ 37. Kf1 Nf5 38. Be4 Kg5 39.
Bxf5 gxf5 40. Kg2 Kf4 41. a4 Rb8 42. Rc7 Rg8+ 43. Kf1 Ra8 44. Rc4+ Kf3 45. Rc3+
Kf4 46. Ra3 Ra5 47. Ke2 Ke4 48. Kd2 Kd4 49. Kc2 Rc5+ 50. Kb3 Rc3+ 51. Kb2 Rc6
52. a5 Ra6 53. Kb3 Kd3 54. Kb4+ Ke2 55. Ra2+ Kf3 56. Kb5 Re6 57. a6 Re5+ 58.
Kc6 1-0

[Event "34 Open Internacional Ciudad de San Seba"]
[Site "Donostia-San Sebastian"]
[Date "2011.04.18"]
[Round "3"]
[White "Barria Zuniga, Daniel"]
[Black "Dgebuadze, Alexandre"]
[Result "1/2-1/2"]
[WhiteElo "2438"]
[BlackElo "2544"]
[PlyCount "57"]
[EventDate "2011.04.16"]
[EventRounds "9"]
[EventCountry "ESP"]

1. d4 Nf6 2. c4 e6 3. Nf3 Bb4+ 4. Nbd2 b6 5. a3 Bxd2+ 6. Qxd2 Bb7 7. e3 d6 8.
Be2 a5 9. b3 Nbd7 10. O-O O-O 11. Bb2 Ne4 12. Qc2 f5 13. Rad1 Qe7 14. b4 Ndf6
15. d5 e5 16. Nd2 Bc8 17. Nxe4 fxe4 18. Bc3 axb4 19. axb4 Bf5 20. Ra1 Rfb8 21.
Ra2 Qe8 22. Rfa1 Bg6 23. Ra7 Qd8 24. h3 Kh8 25. R1a3 Rxa7 26. Rxa7 Ra8 27. Qa2
Rxa7 28. Qxa7 b5 29. Qb7 1/2-1/2

[Event "34 Open Internacional Ciudad de San Seba"]
[Site "Donostia-San Sebastian"]
[Date "2011.04.18"]
[Round "3"]
[White "Sebenik, Matej"]
[Black "Pogorelov, Ruslan"]
[Result "1-0"]
[WhiteElo "2530"]
[BlackElo "2430"]
[PlyCount "89"]
[EventDate "2011.04.16"]
[EventRounds "9"]
[EventCountry "ESP"]

1. d4 Nf6 2. c4 e6 3. Nf3 b6 4. g3 Ba6 5. Qa4 Bb7 6. Bg2 c5 7. dxc5 bxc5 8. O-O
Be7 9. Rd1 O-O 10. Nc3 Qb6 11. Bf4 Rd8 12. Rd2 d6 13. Rad1 h6 14. Qb3 Ne8 15.
e4 Qxb3 16. axb3 g5 17. Be3 Nc6 18. e5 Na5 19. exd6 Rxd6 20. Rxd6 Bxd6 21. Nd2
Bxg2 22. Kxg2 f5 23. Ra1 Nc6 24. Nb5 f4 25. Nxd6 fxe3 26. Nxe8 exd2 27. Nf6+
Kf7 28. Ne4 Nd4 29. Nxd2 a5 30. f3 Ra7 31. Kf2 Rb7 32. Rxa5 Nxb3 33. Nxb3 Rxb3
34. Rb5 Rd3 35. Ke2 Rd4 36. Rxc5 Kf6 37. b4 h5 38. b5 Rd6 39. Rc6 Rd8 40. b6
Ke5 41. c5 Rb8 42. Rc7 g4 43. b7 gxf3+ 44. Kxf3 Kd5 45. c6 1-0

[Event "34 Open Internacional Ciudad de San Seba"]
[Site "Donostia-San Sebastian"]
[Date "2011.04.18"]
[Round "3"]
[White "Collins, Sam E"]
[Black "Moreno Ruiz, Javier"]
[Result "0-1"]
[WhiteElo "2426"]
[BlackElo "2527"]
[PlyCount "114"]
[EventDate "2011.04.16"]
[EventRounds "9"]
[EventCountry "ESP"]

1. c4 c5 2. g3 g6 3. Bg2 Bg7 4. Nc3 Nc6 5. Nf3 d6 6. O-O e5 7. a3 Nge7 8. Ne1
Be6 9. Nc2 Bxc4 10. Ne3 Be6 11. Ned5 O-O 12. Rb1 Nxd5 13. Nxd5 Ne7 14. Qb3 Rb8
15. d3 Kh8 16. f4 f6 17. Bd2 Qe8 18. Rbe1 b6 19. Qa2 Rd8 20. b4 exf4 21. Bxf4
Nxd5 22. Bxd5 Bxd5 23. Qxd5 Qf7 24. e4 Kg8 25. b5 f5 26. Bg5 Rd7 27. a4 Qxd5
28. exd5 Be5 29. Kg2 Kg7 30. Re2 h6 31. Bf4 Bxf4 32. gxf4 a6 33. Re6 axb5 34.
axb5 Ra8 35. Rg1 Ra3 36. Kf2 g5 37. fxg5 h5 38. h4 Rxd3 39. Rge1 Rxd5 40. Re7+
Rxe7 41. Rxe7+ Kg6 42. Rb7 f4 43. Rxb6 c4 44. Rc6 Rxb5 45. Rxd6+ Kf5 46. Rc6
Kg4 47. g6 Rb2+ 48. Ke1 Kf3 49. Rxc4 Rb1+ 50. Kd2 Rg1 51. Rc3+ Kf2 52. Kd3 Rg3+
53. Kd4 f3 54. Ke4 Rg4+ 55. Kf5 Kg2 56. Kf6 f2 57. Rc1 f1=Q+ 0-1

[Event "34 Open Internacional Ciudad de San Seba"]
[Site "Donostia-San Sebastian"]
[Date "2011.04.18"]
[Round "3"]
[White "Alvarez Pedraza, Aramis"]
[Black "Thomassen, Joachim"]
[Result "1-0"]
[WhiteElo "2515"]
[BlackElo "2396"]
[PlyCount "55"]
[EventDate "2011.04.16"]
[EventRounds "9"]
[EventCountry "ESP"]

1. e4 c5 2. Nf3 d6 3. d4 cxd4 4. Nxd4 Nf6 5. Nc3 a6 6. Bg5 e6 7. Qf3 h6 8. Be3
Qc7 9. O-O-O Nbd7 10. Qg3 Nc5 11. f3 Bd7 12. Nb3 Na4 13. Nxa4 Bxa4 14. Kb1 Rc8
15. Bd3 e5 16. Bd2 Nh5 17. Qh3 Nf6 18. f4 exf4 19. e5 dxe5 20. Ba5 Qc6 21. Bf5
Rb8 22. Rhe1 Bd6 23. Qd3 Bc7 24. Nd4 Qc5 25. Bxc7 Qxc7 26. Qa3 Bc6 27. Qc5 Nd5
28. Nxc6 1-0

[Event "34 Open Internacional Ciudad de San Seba"]
[Site "Donostia-San Sebastian"]
[Date "2011.04.18"]
[Round "3"]
[White "Andres Gonzalez, Alberto"]
[Black "Argandona Riveiro, Inigo"]
[Result "1-0"]
[WhiteElo "2503"]
[BlackElo "2389"]
[PlyCount "75"]
[EventDate "2011.04.16"]
[EventRounds "9"]
[EventCountry "ESP"]

1. c4 e6 2. g3 Nf6 3. Bg2 d5 4. Nf3 dxc4 5. Qa4+ Nbd7 6. Qxc4 a6 7. Qc2 c5 8.
a4 b6 9. Nc3 Bb7 10. O-O Be7 11. Rd1 c4 12. b3 cxb3 13. Qxb3 Nc5 14. Qb1 O-O
15. Ba3 Rc8 16. Ne5 Bxg2 17. Kxg2 Re8 18. Nf3 Nd5 19. Bxc5 Bxc5 20. Nxd5 Qxd5
21. d4 Bf8 22. Qxb6 a5 23. Rdc1 Bb4 24. Qa6 Rcd8 25. Qc6 Qh5 26. e3 f6 27. Qe4
g5 28. Rc6 g4 29. Ng1 e5 30. dxe5 fxe5 31. h3 gxh3+ 32. Nxh3 Rf8 33. Rac1 Rd2
34. Rc8 Rd7 35. Rxf8+ Bxf8 36. Rc8 Rf7 37. Ra8 Qd1 38. Rxa5 1-0

[Event "34 Open Internacional Ciudad de San Seba"]
[Site "Donostia-San Sebastian"]
[Date "2011.04.18"]
[Round "3"]
[White "Etchegaray, Patrice"]
[Black "Pap, Misa"]
[Result "0-1"]
[WhiteElo "2394"]
[BlackElo "2496"]
[PlyCount "72"]
[EventDate "2011.04.16"]
[EventRounds "9"]
[EventCountry "ESP"]

1. d4 Nf6 2. c4 c5 3. d5 b5 4. cxb5 a6 5. Nc3 axb5 6. e4 b4 7. Nb5 d6 8. Nf3
Nxe4 9. Bc4 g6 10. Qe2 f5 11. Ng5 Bg7 12. f3 Nxg5 13. Bxg5 h6 14. Bxe7 Qxe7 15.
Nc7+ Kf7 16. Qxe7+ Kxe7 17. Nxa8 Bxb2 18. Rb1 Bc3+ 19. Ke2 Nd7 20. Nc7 Nb6 21.
Kd3 f4 22. Rbe1+ Kd7 23. Nb5 Bxe1 24. Rxe1 Nxc4 25. Kxc4 Ba6 26. Re6 Bxb5+ 27.
Kxb5 Rb8+ 28. Kc4 Ra8 29. Rxg6 Rxa2 30. Rxh6 Rxg2 31. Rh7+ Ke8 32. Kb5 b3 33.
Kc6 b2 34. Rb7 c4 35. Kxd6 c3 36. Ke6 Re2+ 0-1

[Event "34 Open Internacional Ciudad de San Seba"]
[Site "Donostia-San Sebastian"]
[Date "2011.04.18"]
[Round "3"]
[White "Debray, Christopher"]
[Black "Starostits, Ilmars"]
[Result "1/2-1/2"]
[WhiteElo "2381"]
[BlackElo "2486"]
[PlyCount "90"]
[EventDate "2011.04.16"]
[EventRounds "9"]
[EventCountry "ESP"]

1. e4 c6 2. d4 d5 3. Nc3 dxe4 4. Nxe4 Bf5 5. Ng3 Bg6 6. h4 h6 7. Nh3 Nf6 8. Nf4
Bh7 9. Bc4 e5 10. Qe2 Qxd4 11. O-O Nbd7 12. Rd1 Qc5 13. Be3 Qe7 14. Nfh5 Nxh5
15. Qxh5 g6 16. Qe2 f5 17. f4 Qxh4 18. Bf7+ Kxf7 19. Rxd7+ Be7 20. Bc5 Rhe8 21.
Qxe5 Rad8 22. Rad1 Rxd7 23. Rxd7 Qf6 24. Qxf6+ Kxf6 25. Bd4+ Ke6 26. Rxb7 Rd8
27. Bxa7 Rd2 28. c3 Bg8 29. Nf1 Re2 30. Bf2 Re4 31. g3 g5 32. Nd2 Re2 33. Nb3
c5 34. Bxc5 Bxc5+ 35. Nxc5+ Kd6 36. b4 Re3 37. Rd7+ Kc6 38. Rd3 Re2 39. a4 Bc4
40. Rd4 Re1+ 41. Kf2 Re2+ 42. Kf1 Re4+ 43. Kf2 Re2+ 44. Kg1 Re1+ 45. Kf2 Re2+
1/2-1/2

[Event "34 Open Internacional Ciudad de San Seba"]
[Site "Donostia-San Sebastian"]
[Date "2011.04.18"]
[Round "3"]
[White "Trepat Herranz, Joan"]
[Black "Tratar, Marko"]
[Result "0-1"]
[WhiteElo "2343"]
[BlackElo "2482"]
[PlyCount "50"]
[EventDate "2011.04.16"]
[EventRounds "9"]
[EventCountry "ESP"]

1. d4 e6 2. c4 b6 3. e4 Bb7 4. Bd3 Bb4+ 5. Bd2 Bxd2+ 6. Qxd2 f5 7. Nc3 Nf6 8.
f3 Nc6 9. Nge2 fxe4 10. fxe4 O-O 11. O-O e5 12. d5 Ne7 13. b4 a5 14. a3 d6 15.
Rac1 axb4 16. axb4 Ng6 17. Qg5 Qe7 18. Ra1 Nxd5 19. Rxf8+ Nxf8 20. Qc1 Rxa1 21.
Qxa1 Nxb4 22. Bb1 Qd8 23. Qa4 Na6 24. c5 Nxc5 25. Ba2+ Kh8 0-1

[Event "34 Open Internacional Ciudad de San Seba"]
[Site "Donostia-San Sebastian"]
[Date "2011.04.18"]
[Round "3"]
[White "Kalegin, Evgenij"]
[Black "Praveen Kumar, C."]
[Result "0-1"]
[WhiteElo "2473"]
[BlackElo "2352"]
[PlyCount "76"]
[EventDate "2011.04.16"]
[EventRounds "9"]
[EventCountry "ESP"]

1. e4 e6 2. d4 d5 3. Nc3 Bb4 4. e5 c5 5. a3 Bxc3+ 6. bxc3 Ne7 7. Nf3 Nbc6 8. h4
Qa5 9. Bd2 Bd7 10. a4 f6 11. Bb5 fxe5 12. dxe5 Qc7 13. Bf4 O-O-O 14. O-O a6 15.
Bd3 Rdf8 16. Bh2 Qa5 17. c4 Qc3 18. Rb1 Nd4 19. Nxd4 Qxd4 20. Qe2 Bc6 21. Rfd1
Qxh4 22. Bg3 Qg5 23. cxd5 Nxd5 24. Bxa6 Rf7 25. Qc4 Rc7 26. Bb5 h5 27. Bxc6
Rxc6 28. Qb5 Qe7 29. Rb3 h4 30. Bh2 c4 31. Rf3 Rd8 32. Rf1 g5 33. g4 Qh7 34.
Rb1 Rc7 35. Rf6 Nc3 36. Qb2 Nxb1 37. Qxb1 Qe4 38. f3 Qe2 0-1

[Event "34 Open Internacional Ciudad de San Seba"]
[Site "Donostia-San Sebastian"]
[Date "2011.04.18"]
[Round "3"]
[White "Cruz-Lopez Claret, Carlos"]
[Black "Gonzalez Perez, Arian"]
[Result "1/2-1/2"]
[WhiteElo "2326"]
[BlackElo "2458"]
[PlyCount "107"]
[EventDate "2011.04.16"]
[EventRounds "9"]
[EventCountry "ESP"]

1. d4 Nf6 2. c4 g6 3. Nc3 Bg7 4. e4 d6 5. f4 O-O 6. Nf3 c5 7. d5 e6 8. Be2 exd5
9. cxd5 Nbd7 10. O-O Re8 11. Qc2 a6 12. a4 Qc7 13. Nd2 b6 14. Nc4 Rb8 15. Kh1
b5 16. axb5 axb5 17. Nxd6 Qxd6 18. e5 Qe7 19. exf6 Bxf6 20. Bxb5 Bxc3 21. Bxd7
Qxd7 22. bxc3 Qxd5 23. c4 Qd4 24. Ba3 Bg4 25. Rae1 Bf5 26. Qa4 Rxe1 27. Rxe1
Qe3 28. Qa5 Qxf4 29. Qxc5 Be4 30. Qe7 Qe3 31. Bb4 Qb3 32. Bd6 Qb7 33. Qxb7 Rxb7
34. Kg1 f5 35. Kf2 Rb2+ 36. Re2 Rxe2+ 37. Kxe2 Bxg2 38. h4 Kf7 39. Ke3 Ke6 40.
Bf8 Bf1 41. c5 Bg2 42. Kf4 Kf7 43. Bd6 Ke6 44. Bf8 Kd5 45. Bd6 Kd4 46. Bf8 Kd3
47. Bd6 Bc6 48. Bf8 Ke2 49. Bh6 Kf2 50. Bg5 Kg2 51. Be7 Kh3 52. Bf6 Bb7 53. Be7
h6 54. Bf6 1/2-1/2

[Event "34 Open Internacional Ciudad de San Seba"]
[Site "Donostia-San Sebastian"]
[Date "2011.04.18"]
[Round "3"]
[White "Piasetski, Leon"]
[Black "San Segundo Carrillo, Pablo"]
[Result "1/2-1/2"]
[WhiteElo "2299"]
[BlackElo "2513"]
[PlyCount "46"]
[EventDate "2011.04.16"]
[EventRounds "9"]
[EventCountry "ESP"]

1. Nf3 d5 2. d4 Nf6 3. c4 c6 4. e3 Bg4 5. Nc3 e6 6. h3 Bxf3 7. Qxf3 Nbd7 8. Bd3
Bd6 9. O-O O-O 10. Rd1 Re8 11. e4 e5 12. cxd5 cxd5 13. exd5 exd4 14. Ne4 Nxe4
15. Bxe4 Qh4 16. Bc2 Ne5 17. Qe4 Qh5 18. Qf5 Qxf5 19. Bxf5 Bc5 20. b4 Bxb4 21.
Rb1 Bc5 22. Rxb7 Rad8 23. Rb5 Bb6 1/2-1/2

[Event "34 Open Internacional Ciudad de San Seba"]
[Site "Donostia-San Sebastian"]
[Date "2011.04.18"]
[Round "3"]
[White "Elsness, Frode"]
[Black "Aranaz Portugues, Jose Carlos"]
[Result "1-0"]
[WhiteElo "2484"]
[BlackElo "2130"]
[PlyCount "85"]
[EventDate "2011.04.16"]
[EventRounds "9"]
[EventCountry "ESP"]

1. d4 e6 2. c4 f5 3. g3 Nf6 4. Bg2 c6 5. Nf3 d5 6. O-O Bd6 7. Nc3 O-O 8. Qc2
Bd7 9. Rb1 b5 10. b3 a5 11. Bf4 Bxf4 12. gxf4 Qb6 13. e3 Bc8 14. Ng5 Bd7 15.
Nf3 Be8 16. Rfc1 Bh5 17. Ng5 Re8 18. cxb5 h6 19. Nxe6 Rxe6 20. bxc6 Ne4 21.
Nxd5 Qxc6 22. Qxc6 Nxc6 23. Rxc6 Rxc6 24. Ne7+ Kf8 25. Nxc6 Rc8 26. Rc1 Be8 27.
d5 Bf7 28. f3 Nf6 29. e4 Nh5 30. Rc5 Nxf4 31. Rxa5 Bg6 32. Ra4 Ne2+ 33. Kf2 Nc3
34. Rc4 Nxa2 35. b4 Ra8 36. b5 Ra3 37. Rc2 fxe4 38. fxe4 Nc3 39. b6 Nd1+ 40.
Ke2 Bh5+ 41. Kd2 Rb3 42. d6 Nf2 43. Ne5 1-0

[Event "34 Open Internacional Ciudad de San Seba"]
[Site "Donostia-San Sebastian"]
[Date "2011.04.18"]
[Round "3"]
[White "Garrido Fernandez, David"]
[Black "Llaneza Vega, Marcos"]
[Result "0-1"]
[WhiteElo "1955"]
[BlackElo "2473"]
[PlyCount "76"]
[EventDate "2011.04.16"]
[EventRounds "9"]
[EventCountry "ESP"]

1. e4 c5 2. Nc3 a6 3. g3 b5 4. Bg2 Bb7 5. d3 e6 6. f4 Nf6 7. Nf3 d5 8. e5 Nfd7
9. d4 Nc6 10. Be3 Rc8 11. Ne2 Nb6 12. c3 b4 13. O-O Nc4 14. Bc1 bxc3 15. bxc3
Ne7 16. g4 h5 17. h3 Qd7 18. Ng3 h4 19. Ne2 g6 20. Ng5 Bc6 21. a4 Rb8 22. f5
gxf5 23. gxf5 Nxf5 24. Rxf5 exf5 25. Nf4 Kd8 26. Nh5 cxd4 27. Nf6 Qa7 28. cxd4
Bh6 29. Bf4 Rb2 30. Rc1 Ba8 31. Kh1 Bg7 32. Rc2 Bxf6 33. exf6 Rb6 34. Qe1 Re8
35. Qxh4 Kc8 36. Qg3 Rb1+ 37. Kh2 Qxd4 38. Nf3 Qd3 0-1

[Event "34 Open Internacional Ciudad de San Seba"]
[Site "Donostia-San Sebastian"]
[Date "2011.04.18"]
[Round "3"]
[White "Alvarez Fernandez, Enrique"]
[Black "Perez Calahorra, Ricardo"]
[Result "1-0"]
[WhiteElo "2374"]
[BlackElo "2117"]
[PlyCount "65"]
[EventDate "2011.04.16"]
[EventRounds "9"]
[EventCountry "ESP"]

1. d4 Nf6 2. Nf3 e6 3. Bf4 c5 4. c3 Nc6 5. e3 Nh5 6. Bg5 Qb6 7. Qb3 h6 8. Bh4
g5 9. Bg3 Nxg3 10. hxg3 Bg7 11. Be2 d5 12. Na3 c4 13. Qc2 g4 14. Nd2 e5 15.
dxe5 Nxe5 16. e4 O-O 17. O-O f5 18. exd5 f4 19. Naxc4 Nxc4 20. Nxc4 Qc5 21.
gxf4 Rxf4 22. b4 Qxd5 23. Rad1 Qg5 24. g3 Rf8 25. Nd6 Be6 26. c4 h5 27. c5 h4
28. Bc4 Bxc4 29. Qxc4+ Kh7 30. Qe4+ Kg8 31. Qe6+ Kh7 32. Rd5 Rf6 33. Ne4 1-0

[Event "34 Open Internacional Ciudad de San Seba"]
[Site "Donostia-San Sebastian"]
[Date "2011.04.18"]
[Round "3"]
[White "Mohseni, Neik"]
[Black "Santos Etxepare, Agustin"]
[Result "1-0"]
[WhiteElo "1722"]
[BlackElo "1575"]
[PlyCount "107"]
[EventDate "2011.04.16"]
[EventRounds "9"]
[EventCountry "ESP"]

1. c4 c5 2. Nc3 Nc6 3. e3 e5 4. Nge2 Nf6 5. d4 cxd4 6. exd4 exd4 7. Nxd4 Nxd4
8. Qxd4 Be7 9. Bg5 O-O 10. Bd3 Re8 11. O-O b6 12. Rfe1 Bb7 13. Qh4 h6 14. Be3
Ne4 15. Qg4 Nxc3 16. bxc3 Bg5 17. Bxg5 Qxg5 18. Qh3 Re7 19. Rxe7 Qxe7 20. Rd1
Bc6 21. Qf5 g6 22. Qg4 Re8 23. Qh3 Qg5 24. Bf1 Re4 25. Rd4 Rxd4 26. cxd4 d5 27.
Qc8+ Kg7 28. Qxc6 dxc4 29. Qxc4 Qd2 30. d5 b5 31. Qxb5 Qxa2 32. d6 Qd2 33. d7
Kf6 34. Qa6+ Ke7 35. Qxa7 Qxd7 36. Qe3+ Qe6 37. Qxh6 Qf6 38. h4 Qd6 39. g4 Qb4
40. Qe3+ Kf8 41. Be2 Qb1+ 42. Kh2 Qb8+ 43. f4 Qb2 44. Kg3 Qb8 45. g5 Qb4 46.
Bf3 Qb1 47. h5 gxh5 48. Bxh5 Qf5 49. Bg4 Qg6 50. f5 Qd6+ 51. Kh4 Qh2+ 52. Bh3
Qb2 53. Qc5+ Kg7 54. f6+ 1-0

[Event "34 Open Internacional Ciudad de San Seba"]
[Site "Donostia-San Sebastian"]
[Date "2011.04.18"]
[Round "3"]
[White "Bas Mas, Jose Joaquin"]
[Black "Rabineau, Clement"]
[Result "0-1"]
[WhiteElo "2150"]
[BlackElo "2291"]
[PlyCount "96"]
[EventDate "2011.04.16"]
[EventRounds "9"]
[EventCountry "ESP"]

1. e4 c5 2. Nf3 e6 3. c4 Nc6 4. d4 cxd4 5. Nxd4 Nf6 6. Nc3 Bb4 7. Nxc6 bxc6 8.
Bd3 Bxc3+ 9. bxc3 Qa5 10. Bd2 e5 11. O-O d6 12. Qb3 Nd7 13. Qb4 Qc7 14. Be3 c5
15. Qa4 O-O 16. Rab1 Nb6 17. Qc2 Ba6 18. Qe2 Qd7 19. f4 f6 20. Rb5 Bxb5 21.
cxb5 Rfc8 22. Bc4+ Nxc4 23. Qxc4+ Qf7 24. Qd3 exf4 25. Bxf4 Re8 26. Qxd6 Rxe4
27. Qxc5 Qxa2 28. Be3 Qe6 29. Bf2 Re2 30. Rd1 Ra2 31. Re1 Rc8 32. Qd4 Qf7 33.
h3 h6 34. Qd6 Re8 35. Rxe8+ Qxe8 36. Qd5+ Qf7 37. Qf5 Qc4 38. h4 Rb2 39. Bxa7
Rxb5 40. Qg6 Qf7 41. Qxf7+ Kxf7 42. Kf2 Ke6 43. Kf3 h5 44. g3 Kf5 45. Bf2 Rb3
46. Be1 Rb1 47. Bd2 Rb2 48. Be1 Rc2 0-1

[Event "34 Open Internacional Ciudad de San Seba"]
[Site "Donostia-San Sebastian"]
[Date "2011.04.18"]
[Round "3"]
[White "Suarez Garcia, Carlos"]
[Black "Houweling, Bert"]
[Result "1-0"]
[WhiteElo "2177"]
[BlackElo "2027"]
[PlyCount "139"]
[EventDate "2011.04.16"]
[EventRounds "9"]
[EventCountry "ESP"]

1. d4 Nf6 2. Nf3 e6 3. c4 c5 4. e3 b6 5. Bd3 Bb7 6. O-O Be7 7. Nbd2 cxd4 8.
exd4 O-O 9. Re1 d5 10. Ne5 Nc6 11. Ndf3 Nb4 12. Bb1 dxc4 13. a3 Nd3 14. Nxd3
cxd3 15. Bxd3 h6 16. Bf4 Rc8 17. Qe2 Qd5 18. Rac1 Qh5 19. Ne5 Qxe2 20. Bxe2 Nd5
21. Bd2 Bg5 22. Bxg5 hxg5 23. Bf3 Rfd8 24. g3 f6 25. Nd3 Rxc1 26. Rxc1 Nf4 27.
gxf4 Bxf3 28. fxg5 Rxd4 29. Ne1 Rg4+ 30. Kf1 Bb7 31. f3 Rxg5 32. Rc7 Ba6+ 33.
Kf2 Rb5 34. b4 Re5 35. Rxa7 Re2+ 36. Kg3 Bc4 37. Ng2 b5 38. Nf4 Ra2 39. Nh5 Kh7
40. Nxf6+ Kh6 41. Ng4+ Kg6 42. Ne5+ Kf5 43. Nc6 g5 44. Rf7+ Kg6 45. Ne5+ Kh6
46. Rf6+ Kg7 47. Rg6+ Kh7 48. Rxg5 Bd5 49. Rg4 Rxa3 50. Rf4 Rb3 51. Kg4 Rb2 52.
h3 Rg2+ 53. Kh5 Rg3 54. h4 Bb7 55. Rf7+ Rg7 56. Rxg7+ Kxg7 57. Kg5 Bd5 58. h5
Bb3 59. h6+ Kh7 60. Nd7 Bc2 61. Nf6+ Kh8 62. Kf4 Bb3 63. Ke5 Ba2 64. f4 Bc4 65.
Ne4 Kh7 66. Nd6 Kxh6 67. Nxc4 bxc4 68. Kd4 c3 69. Kxc3 Kg6 70. b5 1-0

[Event "34 Open Internacional Ciudad de San Seba"]
[Site "Donostia-San Sebastian"]
[Date "2011.04.18"]
[Round "3"]
[White "Lillo Castay, Victor"]
[Black "Garay Lenne, Luis Maria"]
[Result "1-0"]
[WhiteElo "2281"]
[BlackElo "1999"]
[PlyCount "63"]
[EventDate "2011.04.16"]
[EventRounds "9"]
[EventCountry "ESP"]

1. e4 e5 2. Nf3 Nc6 3. d4 exd4 4. Nxd4 Bc5 5. Be3 Qf6 6. c3 Nge7 7. Bc4 d6 8.
O-O Ne5 9. Be2 h5 10. Nb5 Bxe3 11. fxe3 Qg6 12. Nxc7+ Kd8 13. Nxa8 Bg4 14. Nd2
Kc8 15. Kh1 Kb8 16. Nf3 N7c6 17. b4 Kxa8 18. b5 Ne7 19. Qd4 f5 20. Nxe5 dxe5
21. Qxe5 Qg5 22. Bxg4 hxg4 23. exf5 Qh4 24. Rad1 g3 25. h3 Qg5 26. Qf4 Rxh3+
27. gxh3 g2+ 28. Kg1 gxf1=Q+ 29. Kxf1 Qxf4+ 30. exf4 Kb8 31. f6 gxf6 32. Rd7
1-0

[Event "34 Open Internacional Ciudad de San Seba"]
[Site "Donostia-San Sebastian"]
[Date "2011.04.18"]
[Round "3"]
[White "Severri Arrese, Carlos"]
[Black "Velten, Paul"]
[Result "0-1"]
[WhiteElo "2013"]
[BlackElo "2281"]
[PlyCount "42"]
[EventDate "2011.04.16"]
[EventRounds "9"]
[EventCountry "ESP"]

1. d4 d5 2. Nf3 Nf6 3. e3 Bg4 4. c4 dxc4 5. Bxc4 e6 6. Qb3 Bxf3 7. gxf3 Nbd7 8.
Nc3 Rb8 9. e4 b5 10. Be2 c5 11. Bf4 cxd4 12. Bxb8 Qxb8 13. Nxb5 Bc5 14. Na3 Qf4
15. Nc4 O-O 16. a3 Nh5 17. Qb5 d3 18. Qxd7 dxe2 19. Kxe2 Qh4 20. Nd2 Rd8 21.
Qc7 Qxf2+ 0-1

[Event "34 Open Internacional Ciudad de San Seba"]
[Site "Donostia-San Sebastian"]
[Date "2011.04.18"]
[Round "3"]
[White "Hernandez, Elvis"]
[Black "Montolio Benedicto, Cesar"]
[Result "1/2-1/2"]
[WhiteElo "2276"]
[BlackElo "1992"]
[PlyCount "172"]
[EventDate "2011.04.16"]
[EventRounds "9"]
[EventCountry "ESP"]

1. e4 e5 2. Nf3 Nc6 3. Bc4 Bc5 4. c3 Nf6 5. d4 exd4 6. cxd4 Bb4+ 7. Bd2 Bxd2+
8. Nbxd2 d5 9. exd5 Nxd5 10. Qb3 Na5 11. Qa4+ Nc6 12. Bb5 Bd7 13. O-O Nce7 14.
Rfe1 a6 15. Bxd7+ Qxd7 16. Qa3 O-O 17. Ne5 Qd6 18. Qd3 Ng6 19. Ndc4 Qd8 20. Qb3
b6 21. Nc6 Qd7 22. N4e5 Nxe5 23. Nxe5 Qd6 24. Rac1 Nf6 25. Rc6 Qd8 26. Qc4 Rc8
27. Rd1 a5 28. a3 Nd5 29. Rc1 h6 30. g3 Re8 31. h4 Re7 32. Qb3 Re8 33. Qf3 Nf6
34. Qc3 Nd5 35. Qf3 Nf6 36. Qc3 Nd5 37. Qb3 Rf8 38. R6c2 Nf6 39. Nc6 Qd6 40.
Qb5 Rfe8 41. Qf5 Nd5 42. Na7 Rcd8 43. Nb5 Qe6 44. Qd3 Qe4 45. Qb3 Qe6 46. Rc6
Qf5 47. R6c2 Qe6 48. Qd3 Qe4 49. Qf1 Re7 50. Na7 Rde8 51. Nc6 Rd7 52. Ne5 Rde7
53. Re2 Qf5 54. Qg2 Nf6 55. f4 Ng4 56. Rd2 f6 57. Nf3 Qe4 58. Kh1 Ne3 59. Qe2
Nf5 60. Qxe4 Nxg3+ 61. Kg2 Nxe4 62. Rdc2 Nd6 63. h5 Re2+ 64. Kf1 Rxc2 65. Rxc2
Re7 66. Kg2 Nf5 67. Kh3 Re3 68. Kg4 Rxf3 69. Kxf5 Rd3 70. Rxc7 Rxd4 71. Kg6 Kf8
72. Rxg7 Rxf4 73. Rf7+ Ke8 74. Rxf6 Rxf6+ 75. Kxf6 a4 76. Ke6 Kf8 77. Kf6 Ke8
78. Kg7 Ke7 79. Kg6 Ke6 80. Kg7 Ke7 81. Kg6 Ke6 82. Kxh6 Kf6 83. Kh7 Kf7 84.
Kh8 Kf8 85. Kh7 Kf7 86. Kh6 Kf6 1/2-1/2